| 000 | 00839nam a2200193 a 4500 | ||
|---|---|---|---|
| 001 | 000042199 | ||
| 005 | 20201002040012.0 | ||
| 008 | 131119s1984 sp g 000 0 spa d | ||
| 020 | _a8400057201 | ||
| 040 |
_aDO-SdBNP _bspa _cBNPHU |
||
| 100 | 1 |
_aBaguer, Carles _d1768-1808 _969211 |
|
| 245 | 1 | 0 | _aTres Sinfonías para Tecla. |
| 260 |
_aBarcelona : _bConsejo Superior de Investigaciones Científicas, Instituto Español de Musicología /, _cCarles Baguer ; revisión y prólogo María A. Ester-Sala. |
||
| 300 |
_a41 p. : _bil., partitura ; _c32 cm. |
||
| 490 | 1 |
_aMúsica hispana _aserie C música de cámara _v14 |
|
| 700 | 1 |
_aEster-Sala, María A. _epról. _969212 |
|
| 710 | 2 |
_aConsejo Superior de Investigaciones Científicas, Instituto Español de Musicología _966034 |
|
| 830 | 0 |
_aMúsica hispana _aserie C música de cámara _v14 _969209 |
|
| 999 |
_c41688 _d41688 |
||